书目信息 |
| 题名: |
材料微结构分析原理与方法
|
|
| 作者: | 李晓娜 主编 | |
| 分册: | ||
| 出版信息: | 大连 大连理工大学出版社 2014 |
|
| 页数: | 442页 | |
| 开本: | 26cm | |
| 丛书名: | ||
| 单 册: | ||
| 中图分类: | TB303 | |
| 科图分类: | ||
| 主题词: | 工程材料--结构分析--高等学校--教材 | |
| 电子资源: | ||
| ISBN: | ||
| 000 | 00970nam0 2200253 450 | |
| 001 | 012015000073 | |
| 005 | 20151130101939.70 | |
| 010 | @a@a978-7-5611-9583-3@dCNY56.00 | |
| 100 | @a20150113d2014 em y0chiy50 ea | |
| 101 | 0 | @achi |
| 102 | @aCN@b210000 | |
| 105 | @ay z 000yy | |
| 106 | @ar | |
| 200 | 1 | @a材料微结构分析原理与方法@Acai liao wei jie gou fen xi yuan li yu fang fa@dPrinciples and methods in materials microstructure analysis@f李晓娜主编@zeng |
| 210 | @a大连@c大连理工大学出版社@d2014 | |
| 215 | @a442页@d26cm | |
| 300 | @a高等学校理工科材料类规划教材 | |
| 330 | @a本书共分五篇三十章,主要内容包括:晶体学基础、X射线衍射、透射电子显微学、扫描电子显微镜和电子探针以及其他显微分析方法。 | |
| 510 | 1 | @aPrinciples and methods in materials microstructure analysis@zeng |
| 606 | 0 | @a工程材料@x结构分析@x高等学校@j教材 |
| 690 | @aTB303@v5 | |
| 701 | 0 | @a李晓娜@Ali xiao na@4主编 |
| 801 | 0 | @aCN@b碧洲教育@c20151127 |
| 905 | @a10447@f4@dTB303@e252 | |
| 材料微结构分析原理与方法=Principles and methods in materials microstructure analysis/李晓娜主编.-大连:大连理工大学出版社,2014 |
| 442页;26cm |
| 高等学校理工科材料类规划教材 |
| ISBN :CNY56.00 |
| 本书共分五篇三十章,主要内容包括:晶体学基础、X射线衍射、透射电子显微学、扫描电子显微镜和电子探针以及其他显微分析方法。 |
| ● |
| 相关链接 |
|
|
|
|
正题名:材料微结构分析原理与方法
索取号:TB303/252
 
预约/预借
| 序号 | 登录号 | 条形码 | 馆藏地/架位号 | 状态 | 备注 |
| 1 | 0871443 | 208714435 | 第二样本阅览室/ [索取号:TB303/252] | 在馆 | |
| 2 | 0871444 | 208714444 | 化学系资料室/ [索取号:TB303/252] | 在馆 | |
| 3 | 0871445 | 208714453 | 第三借阅区/ [索取号:TB303/252] | 在馆 | |
| 4 | 0871446 | 208714462 | 第三借阅区/ [索取号:TB303/252] | 在馆 |